000 00315nam a22001337a 4500
008 170524b xxu||||| |||| 00| 0 eng d
020 _a9780792373971
041 _aeng
080 _a21.3
100 _a26
101 _aIM
245 _aOPERATION OF RESTRUCTURED POWER SYSTEM
_cBHATTACHARYA.K
942 _2udc
_cBK
999 _c14172
_d14172